000 00291nam a22001337a 4500
020 _a0-07-041150-6
041 _aENG
100 _aMays.L.W
245 _aWater Resources Handbook
260 _aNew Delhi
_bMcGraw- Hill
_c1996
300 _a33.35
650 _aSWCE
856 _uSWCE ( 06 )
999 _c1904
_d1904